Wszyscy reprezentanci Hondurasu i Polski z mininum 1 osiągnięciem - Statystyki

Ogólne statystyki
  • Ten quiz został rozwiązany 10 razy
    5 od ostatniego zresetowania
  • Średni wynik to 22 z 68
Statystyki odpowiedzi
Odpowiedź % Poprawnych
carolyn_e
100%
carolyn_e
100%
Kubys
100%
Kubys
100%
Janszy
80%
Mar
80%
Naruku
80%
Olos
80%
worldshowoff
80%
worldshowoff
80%
Koziełło
60%
Koziełło
60%
matius
60%
Mumin
60%
Pawlowsky
60%
Pawlowsky
60%
Rysia
60%
Araxe
40%
Brateczka
40%
Bucu
40%
Hubibibi
40%
Hubibibi
40%
michcio
40%
Nacia
40%
Nioch
40%
OlaGa12
40%
Primoz
40%
Primoz
40%
Baltic
20%
billrazdwatrzy
20%
billrazdwatrzy
20%
Bobert Szlafmyca
20%
Bobert Szlafmyca
20%
garwo
20%
Jurij Gagarin
20%
Kandos
20%
Kerol
20%
kolejorzek
20%
Konrad
20%
Konrad
20%
Koval
20%
Lech Wałęsa
20%
Lech Wałęsa
20%
Mehmo
20%
Mehmo
20%
Omega304
20%
Saachi
20%
seed
20%
Skoczek
20%
Vlad Saranović
20%
Zapiekanka
20%
Zapiekanka
20%
Barciś
0%
Etanolek
0%
Funiś
0%
kameleon
0%
Melvlean
0%
mlody valentino
0%
Rayan Cherki
0%
Rayan Cherki
0%
Sesame
0%
Sewendejs
0%
stary rysi
0%
Tottacz
0%
TyroneMings
0%
Vanessa
0%
Wertyfer
0%
Ympostorn Deux
0%
Nie znaleziono quizów pasujących do podanych kryteriów
Rozkład punktacji
Procent ludzi z każdym wynikiem
Percentyl według liczby udzielonych odpowiedzi
Twoja historia wyników
Nie rozwiązałeś tego quizu od ostatniego zresetowania